[Event "Zilina Region-ch"]
[Site "Zilina"]
[Date "2012.05.05"]
[Round "3"]
[White "Bechny, Vladimir"]
[Black "Hyll, Jan"]
[Result "0-1"]
[WhiteElo "1319"]
[BlackElo "1911"]
[PlyCount "130"]
[EventDate "2012.05.04"]
[EventType "swiss"]
[EventRounds "7"]
[EventCountry "SVK"]
[SourceTitle "CBM 148 Extra"]
[Source "ChessBase"]
[SourceDate "2012.06.22"]
[SourceVersion "1"]
[SourceVersionDate "2012.06.22"]
[SourceQuality "1"]

1. e4 d5 2. Nc3 d4 3. Nce2 e5 4. Nf3 Nc6 5. Ng3 a6 6. Bc4 Bd6 7. 0-0 Na5 8. d3 Nxc4 9. dxc4 c5 10. Nh5 g6 11. Ng3 h6 12. Bd2 Qf6 13. c3 Bg4 14. h3 Bxf3 15. Qxf3 Qxf3 16. gxf3 Ne7 17. cxd4 cxd4 18. Rad1 Nc6 19. b3 Bb4 20. Bxb4 Nxb4 21. Rd2 0-0-0 22. a3 Nc6 23. b4 h5 24. Kg2 Ne7 25. Rg1 h4 26. Ne2 f5 27. exf5 gxf5 28. f4 d3 29. Nc1 e4 30. Kh2 Rhg8 31. Rxg8 Rxg8 32. Nb3 Rd8 33. Nc5 Rd6 34. Nb3 Ng6 35. c5 Rd8 36. Rd1 Nxf4 37. Nd2 Rg8 38. Rg1 Rxg1 39. Kxg1 Nxh3+ 40. Kg2 Nf4+ 41. Kh2 Kc7 42. Nc4 Kc6 43. Nd2 a5 44. Kg1 axb4 45. axb4 Kb5 46. Kf1 Kxb4 47. Kg1 Kxc5 48. Kf1 Kd4 49. Ke1 Kc3 50. Kd1 Nh3 51. Ke1 Nxf2 52. Kxf2 Kxd2 53. Kg2 e3 54. Kf3 e2 55. Kf4 e1R 56. Kxf5 Ke3 57. Kg5 Rg1+ 58. Kxh4 Kf4 59. Kh5 Rg4 60. Kh6 Rg5 61. Kh7 Kf5 62. Kh8 Kf6 63. Kh7 Rg6 64. Kh8 Kf7 65. Kh7 Rf6 0-1

[Event "Zilina Region-ch"]
[Site "Zilina"]
[Date "2012.05.05"]
[Round "4"]
[White "Brazina, Peter"]
[Black "Bechny, Vladimir"]
[Result "1-0"]
[WhiteElo "1514"]
[BlackElo "1319"]
[PlyCount "127"]
[EventDate "2012.05.04"]
[EventType "swiss"]
[EventRounds "7"]
[EventCountry "SVK"]
[SourceTitle "CBM 148 Extra"]
[Source "ChessBase"]
[SourceDate "2012.06.22"]
[SourceVersion "1"]
[SourceVersionDate "2012.06.22"]
[SourceQuality "1"]

1. e4 e5 2. Nf3 Nc6 3. Bc4 Bc5 4. b4 Bxb4 5. c3 Be7 6. Qb3 Nh6 7. d4 0-0 8. Bxh6 gxh6 9. Nxe5 Nxe5 10. dxe5 Bg5 11. 0-0 Bf4 12. Qd1 Bxe5 13. f4 Bg7 14. Rf3 d6 15. Rg3 Kh8 16. f5 Qf6 17. Qd3 Bd7 18. Nd2 Qxc3 19. Qxc3 Bxc3 20. Rxc3 Rae8 21. Rh3 Kg7 22. Rf1 f6 23. Rf4 Re7 24. Rg4+ Kh8 25. Rxh6 Be8 26. Nf3 Rg7 27. Rgh4 Bf7 28. Rxf6 Kg8 29. Bxf7+ Rfxf7 30. Re6 Re7 31. Rhh6 Ref7 32. Re8+ Rf8 33. Rhe6 Kf7 34. R6e7+ Kg8 35. Rxg7+ Kxg7 36. Re7+ Rf7 37. Rxf7+ Kxf7 38. Ng5+ Ke7 39. Nxh7 c5 40. Kf2 b5 41. Ke3 a5 42. g4 c4 43. Kd2 b4 44. g5 Kf7 45. Nf6 b3 46. axb3 cxb3 47. Kc3 a4 48. Kb2 Ke7 49. Nd5+ Kf7 50. h4 Kg7 51. h5 Kf7 52. g6+ Kg7 53. f6+ Kf8 54. h6 Kg8 55. f7+ Kf8 56. Nc7 a3+ 57. Kxa3 b2 58. Kxb2 d5 59. Ne6+ Ke7 60. f8Q+ Kxe6 61. Qf5+ Kd6 62. Qxd5+ Ke7 63. e5 Kf8 64. Qf7# 1-0

[Event "Zilina Region-ch"]
[Site "Zilina"]
[Date "2012.05.04"]
[Round "1"]
[White "Bechny, Vladimir"]
[Black "Bracok, Stefan"]
[Result "0-1"]
[WhiteElo "1319"]
[BlackElo "1673"]
[PlyCount "106"]
[EventDate "2012.05.04"]
[EventType "swiss"]
[EventRounds "7"]
[EventCountry "SVK"]
[SourceTitle "CBM 148 Extra"]
[Source "ChessBase"]
[SourceDate "2012.06.22"]
[SourceVersion "1"]
[SourceVersionDate "2012.06.22"]
[SourceQuality "1"]

1. e4 c5 2. Bc4 Nc6 3. Nf3 e6 4. Nc3 Na5 5. d3 Nxc4 6. dxc4 d6 7. 0-0 Be7 8. Bf4 e5 9. Be3 Nf6 10. Nd5 Nxe4 11. Qd3 f5 12. Nd2 Nf6 13. f3 0-0 14. f4 e4 15. Qc3 Nxd5 16. cxd5 b5 17. a3 a6 18. b4 Bf6 19. Qb3 Bxa1 20. Rxa1 Qf6 21. Rd1 c4 22. Qb1 Qc3 23. Re1 Bb7 24. Re2 Bxd5 25. Nf1 Rad8 26. Rd2 Bf7 27. Qc1 Qf6 28. Bd4 Qg6 29. Ng3 Be6 30. Qd1 Qg4 31. Qe1 d5 32. h3 Qg6 33. Qe3 Qf7 34. Bc5 Rfe8 35. Bd4 g6 36. Bc3 Rd7 37. Qd4 Qg7 38. Qxg7+ Rxg7 39. Bxg7 Kxg7 40. c3 Ra8 41. Ra2 a5 42. Ne2 axb4 43. cxb4 Kf7 44. Nd4 Bd7 45. Kf2 Kf6 46. Ke3 Rc8 47. Rc2 h6 48. g4 g5 49. gxf5 Bxf5 50. Nxf5 Kxf5 51. fxg5 hxg5 52. Rd2 Ke5 53. Rd1 Rf8 0-1